Normal view
MARC view
- الاسلام- الخلافة
Entry Topical Term
001 - CONTROL NUMBER
- control field: 56464
003 - CONTROL NUMBER IDENTIFIER
- control field: JO-AjAnu
005 - DATE AND TIME OF LATEST TRANSACTION
- control field: 20230606083243.0
008 - FIXED-LENGTH DATA ELEMENTS
- fixed length control field: 230606|| aca||aabn | a|a d
040 ## - CATALOGING SOURCE
- Original cataloging agency: JO-AjAnu
- Transcribing agency: JO-AjAnu
150 ## - HEADING--TOPICAL TERM
- Topical term or geographic name entry element: الاسلام- الخلافة
670 ## - SOURCE DATA FOUND
- Source citation: Work cat.: (JO-AjAnu)28812: الدقامسة، رياض محمد, author 56463, موعد ظهور المهدي والخلافة الإسلامية الثانية: دراسة وتحليل مستقبل الأمة على ضوء نبوءات القرآن والسنة